000 00987aab a2200217 4500
001 768714001
003 CO-MdFUSB
005 20250804142643.0
008 240422t1994 ag ||||| |||| 00| 0 spa d
040 _bspa
_cCO-MdFUSB
041 _aspa
100 1 _aFarías Powell, Marcelo
_eautor
245 3 _aEl uso de imágenes en la evangelización
_c/ Marcelo Farías Powell
300 _aVolumen 13, número 3 (julio - septiembre, 1994), página: 7
_c; 27 cm
520 _aDado el estado actual de las cosas en el que todos estamos interconectados, el autor sintió la necesidad de articular los principios del Reino de Dios de maneras contrastantes y explorar posibilidades creativas con los medios de comunicación existentes.
650 0 _aComunicación (Teología)
_91244
650 7 _aCristianismo y cultura
_yS.XX
_96967
773 0 _tIglesia y Misión
_049402
_959646
_gVolumen 13, número 3 (julio - septiembre, 1994), página: 7
_qpágina: 7
942 _cANA
945 _aJTF-925
999 _c52086
_d52086